Tìm hiểu sự hình thành, triển vọng phát triển khu kinh tế Nghi Sơn và vai trò của nó đối với tỉnh Thanh Hóa

Cơ sở lí luận chung. Sự hình thành, phát triển KKT Nghi Sơn và vai trò của nó đối với tỉnh Thanh Hóa. Tìm hiểu về triển vọng phát triển KKT Nghi Sơn.

Salvato in:
Dettagli Bibliografici
Autore principale: Nguyễn, Thị Minh
Altri autori: Trương, Phước Minh TS (Hướng dẫn)
Natura: Libro
Lingua:Vietnamese
Pubblicazione: Đại học Đà Nẵng Trường Đại học Sư phạm 2009
Serie:Khóa luận tốt nghiệp Đại học. Chuyên ngành: Sư phạm Địa lý
Soggetti:
Tags: Aggiungi Tag
Nessun Tag, puoi essere il primo ad aggiungerne! !
Thư viện lưu trữ: Mạng thư viện Đại học Đà Nẵng
LEADER 01608nam a2200349 4500
001 000011115
003 7346
005 20120202080238.0
008 120202s2009 viesd
041 |a vie 
072 |a Khóa luận tốt nghiệp 
082 |a 330.5794  |b NG-M 
100 1 |a Nguyễn, Thị Minh 
245 1 |a Tìm hiểu sự hình thành, triển vọng phát triển khu kinh tế Nghi Sơn và vai trò của nó đối với tỉnh Thanh Hóa  |c Nguyễn, Thị Minh 
260 |a Đại học Đà Nẵng  |b Trường Đại học Sư phạm  |c 2009 
300 |a 73 tr. [11 tr]  |b Bản đồ + ảnh m.họa  |c 29 cm 
490 |a Khóa luận tốt nghiệp Đại học. Chuyên ngành: Sư phạm Địa lý 
500 |a Tham khảo + phụ lục [11 tr.] 
520 |a Cơ sở lí luận chung. Sự hình thành, phát triển KKT Nghi Sơn và vai trò của nó đối với tỉnh Thanh Hóa. Tìm hiểu về triển vọng phát triển KKT Nghi Sơn. 
653 |a Khóa luận tốt nghiệp Đại học 
653 |a Khoa Địa lý 
700 1 |a Trương, Phước Minh  |c TS  |e Hướng dẫn 
OWN |a LSP 
AVA |a UDN50  |b LSP  |d 330.5794 NG-M  |e available  |t Error 5001 Not defined in file expand_doc_bib_avail.  |f 1  |g 0  |h N  |i 0  |k 1 
999 |a From the UDN01 
AVA |a UDN50  |b LSP  |d 330.5794 NG-M  |e available  |t Error 5001 Not defined in file expand_doc_bib_avail.  |f 1  |g 0  |h N  |i 0  |k 1 
TYP |a Monograph 
TYP |a Printed language 
980 |a Mạng thư viện Đại học Đà Nẵng